[Event "Muensterland Verbandsliga Gr1 2223"]
[Site "Germany"]
[Date "2022.10.22"]
[Round "2.1"]
[White "Melkert, Tim"]
[Black "Sandmann, Matthias"]
[Result "1-0"]
[WhiteElo "1890"]
[BlackElo "1770"]
[PlyCount "49"]
[EventDate "2022.09.10"]
[EventType "team-tourn"]
[EventRounds "5"]
[EventCountry "GER"]
[SourceTitle "EXT 2024"]
[Source "ChessBase"]
[SourceDate "2023.10.10"]
[SourceVersion "1"]
[SourceVersionDate "2023.10.10"]
[SourceQuality "1"]
[WhiteTeam "Nienberge II"]
[BlackTeam "Nordwalde"]
[WhiteTeamCountry "GER"]
[BlackTeamCountry "GER"]

1. e4 e5 2. Nf3 d6 3. d4 exd4 4. Nxd4 Nf6 5. Nc3 Qe7 6. Bg5 h6 7. Bxf6 Qxf6 8. Nd5 Qd8 9. c4 Nc6 10. Nb5 Be6 11. Ndxc7+ Kd7 12. Nxa8 Qxa8 13. c5 a6 14. Nxd6 Bxd6 15. cxd6 Qd8 16. Qd2 Qh4 17. Be2 Qxe4 18. 0-0 Nd4 19. Rfe1 Bd5 20. Bb5+ Nxb5 21. Rxe4 Bxe4 22. Re1 Re8 23. f3 Bc6 24. Rxe8 Kxe8 25. a4 1-0

[Event "Muensterland Verbandsliga 1920"]
[Site "Germany"]
[Date "2020.02.22"]
[Round "7.2"]
[White "Sandmann, Matthias"]
[Black "Kellmann, Dominik"]
[Result "1-0"]
[WhiteElo "1750"]
[BlackElo "1755"]
[PlyCount "110"]
[EventDate "2019.09.07"]
[EventType "team-tourn"]
[EventRounds "7"]
[EventCountry "GER"]
[SourceTitle "EXT 2023"]
[Source "ChessBase"]
[SourceDate "2022.10.05"]
[SourceVersion "1"]
[SourceVersionDate "2022.10.05"]
[SourceQuality "1"]
[WhiteTeam "Nordwalde"]
[BlackTeam "Ibbenbueren"]
[WhiteTeamCountry "GER"]
[BlackTeamCountry "GER"]

1. Nf3 Nf6 2. c4 b6 3. Nc3 Bb7 4. g3 e6 5. Bg2 Be7 6. 0-0 d6 7. d4 0-0 8. Re1 Nbd7 9. Qc2 c5 10. dxc5 bxc5 11. e4 Rb8 12. Bf4 e5 13. Bg5 Ne8 14. Bxe7 Qxe7 15. Rad1 Nb6 16. b3 g6 17. Re2 Ng7 18. Red2 Ne6 19. Nd5 Nxd5 20. exd5 Nd4 21. Nxd4 cxd4 22. b4 Bc8 23. Qa4 Bf5 24. a3 Rfc8 25. Qb3 Rb7 26. f4 d3 27. fxe5 Qxe5 28. Kf1 Bg4 29. Re1 Be2+ 30. Rexe2 dxe2+ 31. Rxe2 Qf6+ 32. Bf3 Rbc7 33. Re4 Re7 34. Rxe7 Qxe7 35. Qc3 h5 36. Kf2 f5 37. Be2 Kf7 38. Qe3 Qf6 39. Qxa7+ Kf8 40. Qe3 Re8 41. Qd3 Re4 42. c5 dxc5 43. bxc5 Qe5 44. Bf3 Qb2+ 45. Kf1 Qc1+ 46. Kg2 Rc4 47. c6 Qb2+ 48. Be2 Rc3 49. Qb5 Qxa3 50. c7 Qe7 51. d6 Qe4+ 52. Kg1 Rc1+ 53. Kf2 Qd4+ 54. Kg2 Rg1+ 55. Kh3 g5 1-0

[Event "Muensterland Verbandsliga 1920"]
[Site "Germany"]
[Date "2019.11.30"]
[Round "4.2"]
[White "Hegemann, Eike"]
[Black "Sandmann, Matthias"]
[Result "1/2-1/2"]
[WhiteElo "1962"]
[BlackElo "1751"]
[PlyCount "89"]
[EventDate "2019.09.07"]
[EventType "team-tourn"]
[EventRounds "7"]
[EventCountry "GER"]
[SourceTitle "EXT 2023"]
[Source "ChessBase"]
[SourceDate "2022.10.05"]
[SourceVersion "1"]
[SourceVersionDate "2022.10.05"]
[SourceQuality "1"]
[WhiteTeam "Saerbeck"]
[BlackTeam "Nordwalde"]
[WhiteTeamCountry "GER"]
[BlackTeamCountry "GER"]

1. e4 e5 2. Nf3 Nc6 3. Bb5 Nf6 4. d3 d6 5. c3 a6 6. Ba4 Be7 7. 0-0 0-0 8. Re1 b5 9. Bc2 Bb7 10. Nbd2 Re8 11. a4 b4 12. d4 Bf8 13. Nc4 bxc3 14. bxc3 exd4 15. cxd4 d5 16. Rb1 Nb4 17. Nce5 dxe4 18. Ng5 Nxc2 19. Ngxf7 Qxd4 20. Rxb7 Qxd1 21. Rxd1 c5 22. Nc6 Rac8 23. Nfe5 Nd4 24. Nxd4 cxd4 25. Nd7 Nxd7 26. Rxd7 Red8 27. Rxd8 Rxd8 28. f3 Re8 29. Kf1 e3 30. Rxd4 a5 31. Ke2 Bc5 32. Re4 Rb8 33. Re5 Bb4 34. Bxe3 Rc8 35. Bb6 Rc2+ 36. Kd3 Rxg2 37. Bxa5 Bxa5 38. Rxa5 Rxh2 39. Rc5 Ra2 40. a5 g6 41. Kc4 h5 42. Kb3 Ra1 43. Kb2 Ra4 44. Kb3 Ra1 45. Kb2 1/2-1/2

[Event "Muensterland Verbandsklasse 1718"]
[Site "Germany"]
[Date "2018.04.28"]
[Round "9.2"]
[White "Sandmann, Matthias"]
[Black "Fehlings, Gerd"]
[Result "1/2-1/2"]
[WhiteElo "1864"]
[BlackElo "1754"]
[PlyCount "30"]
[EventDate "2017.09.16"]
[EventType "team-tourn"]
[EventRounds "9"]
[EventCountry "GER"]
[SourceTitle "EXT 2019"]
[Source "ChessBase"]
[SourceDate "2018.10.10"]
[SourceVersion "1"]
[SourceVersionDate "2018.10.10"]
[SourceQuality "1"]
[WhiteTeam "Nordwalde"]
[BlackTeam "Emsdetten Rochade III"]
[WhiteTeamCountry "GER"]
[BlackTeamCountry "GER"]

1. e4 e6 2. d4 d5 3. Nc3 Nf6 4. Bg5 Be7 5. exd5 Nxd5 6. Bxe7 Qxe7 7. Nxd5 exd5+ 8. Qe2 Qxe2+ 9. Nxe2 Bf5 10. c3 Nd7 11. Nf4 Nf6 12. Bb5+ c6 13. Bd3 Bxd3 14. Nxd3 0-0 15. 0-0 Rfe8 1/2-1/2

[Event "Muensterland Verbandsklasse 1516"]
[Site "Germany"]
[Date "2016.05.28"]
[Round "9.1"]
[White "Sandmann, Matthias"]
[Black "Eissing, Christoph"]
[Result "0-1"]
[WhiteElo "1780"]
[BlackElo "2011"]
[PlyCount "64"]
[EventDate "2015.09.19"]
[EventType "team"]
[EventRounds "9"]
[EventCountry "GER"]
[SourceTitle "EXT 2017"]
[Source "ChessBase"]
[SourceDate "2016.10.25"]
[SourceVersion "1"]
[SourceVersionDate "2016.10.25"]
[SourceQuality "1"]
[WhiteTeam "Nordwalde"]
[BlackTeam "Gescher"]
[WhiteTeamCountry "GER"]
[BlackTeamCountry "GER"]

1. d4 Nf6 2. Bg5 d6 3. e3 Nbd7 4. Bd3 g6 5. f4 Bg7 6. Nf3 0-0 7. Nbd2 Re8 8. 0-0 Nd5 9. e4 Ne3 10. Qe2 Nxf1 11. Rxf1 c5 12. c3 cxd4 13. cxd4 Nf8 14. e5 dxe5 15. dxe5 Ne6 16. f5 Nxg5 17. Nxg5 Bxf5 18. Bxf5 gxf5 19. e6 f6 20. Nh3 Qd4+ 21. Kh1 Qe5 22. Qxe5 fxe5 23. Rxf5 Rf8 24. Rf3 Rxf3 25. gxf3 Rc8 26. Nf2 Rc1+ 27. Kg2 Rc2 28. Nde4 Rxb2 29. Nc3 e4 30. Ncxe4 Bd4 31. f4 Rxa2 32. Kf3 Bxf2 0-1

[Event "Muensterland Verbandsklasse 1516"]
[Site "Germany"]
[Date "2015.12.19"]
[Round "4.1"]
[White "Van Dijk, Guido"]
[Black "Sandmann, Matthias"]
[Result "0-1"]
[WhiteElo "1717"]
[BlackElo "1780"]
[PlyCount "85"]
[EventDate "2015.09.19"]
[EventType "team"]
[EventRounds "9"]
[EventCountry "GER"]
[SourceTitle "EXT 2017"]
[Source "ChessBase"]
[SourceDate "2016.10.25"]
[SourceVersion "1"]
[SourceVersionDate "2016.10.25"]
[SourceQuality "1"]
[WhiteTeam "Rheine Klein Berlin II"]
[BlackTeam "Nordwalde"]
[WhiteTeamCountry "GER"]
[BlackTeamCountry "GER"]

1. d4 Nf6 2. Nf3 g6 3. c4 Bg7 4. Nc3 d6 5. e4 0-0 6. h3 Nbd7 7. Be2 c5 8. d5 a6 9. 0-0 Re8 10. Re1 e6 11. dxe6 Rxe6 12. Ng5 Re8 13. Qxd6 h6 14. Nf3 Nxe4 15. Nxe4 Rxe4 16. Rb1 Qf6 17. Qd5 Qe7 18. Be3 Bd4 19. Bd3 Nf6 20. Bxe4 Nxd5 21. Bxd5 Bxe3 22. Rxe3 Qd6 23. Re8+ Kg7 24. Rbe1 Rb8 25. R1e7 Be6 26. Rxb8 Qxe7 27. Rxb7 Qd6 28. Bxe6 Qd1+ 29. Kh2 Qd6+ 30. Kg1 Qxe6 31. b3 Qe4 32. Ra7 Qb1+ 33. Kh2 Qxa2 34. Ne5 Qxb3 35. Rxf7+ Kg8 36. Rf6 Qb2 37. Rxg6+ Kh7 38. f4 Qxe5 39. Rxh6+ Kxh6 40. fxe5 a5 41. g4 a4 42. h4 a3 43. h5 0-1

[Event "Muensterland Verbandsklasse 1415"]
[Site "Germany"]
[Date "2014.11.15"]
[Round "3.1"]
[White "Sandmann, Matthias"]
[Black "Eissing, Christoph"]
[Result "1/2-1/2"]
[WhiteElo "1808"]
[BlackElo "2032"]
[PlyCount "54"]
[EventDate "2014.09.13"]
[EventType "team-tourn"]
[EventRounds "9"]
[EventCountry "GER"]
[SourceTitle "EXT 2016"]
[Source "ChessBase"]
[SourceDate "2015.10.08"]
[SourceVersion "1"]
[SourceVersionDate "2015.10.08"]
[SourceQuality "1"]
[WhiteTeam "Nordwalde"]
[BlackTeam "Gescher"]
[WhiteTeamCountry "GER"]
[BlackTeamCountry "GER"]

1. Nf3 Nf6 2. c4 g6 3. Nc3 Bg7 4. g3 0-0 5. Bg2 d6 6. 0-0 e5 7. d3 c6 8. Qc2 Nbd7 9. b4 Re8 10. e4 Nf8 11. Rb1 Ne6 12. Ne2 a5 13. Bd2 Nd7 14. a3 f5 15. exf5 gxf5 16. d4 exd4 17. Qxf5 Ne5 18. Nxe5 dxe5 19. Be4 Nf8 20. Qh5 Be6 21. bxa5 Qd7 22. Rfe1 Bxc4 23. Bb4 Bf7 24. Qf3 Ne6 25. h4 Nc7 26. Nc1 Bd5 27. Nd3 Na6 1/2-1/2

[Event "Muensterland Verbandsklasse 1314"]
[Site "Germany"]
[Date "2014.03.08"]
[Round "7.1"]
[White "Schulz, Stefan"]
[Black "Sandmann, Matthias"]
[Result "1/2-1/2"]
[WhiteElo "1939"]
[BlackElo "1717"]
[PlyCount "85"]
[EventDate "2013.09.21"]
[EventType "team-tourn"]
[EventRounds "9"]
[EventCountry "GER"]
[SourceTitle "EXT 2015"]
[Source "ChessBase"]
[SourceDate "2014.11.20"]
[SourceVersion "1"]
[SourceVersionDate "2014.11.20"]
[SourceQuality "1"]
[WhiteTeam "Muenster SK IV"]
[BlackTeam "Nordwalde"]
[WhiteTeamCountry "GER"]
[BlackTeamCountry "GER"]

1. d4 Nf6 2. Nf3 b6 3. g3 Bb7 4. Bg2 e6 5. 0-0 Be7 6. c4 d5 7. Ne5 0-0 8. Nc3 c6 9. Qa4 dxc4 10. Qxc4 Nd5 11. Rd1 Ba6 12. Qa4 Nxc3 13. bxc3 Bxe2 14. Nxc6 Bxd1 15. Nxe7+ Qxe7 16. Qxd1 Nd7 17. Bxa8 Rxa8 18. Qf3 Rc8 19. Qb7 Rxc3 20. Qxa7 h6 21. Be3 Qd8 22. Rb1 Qc7 23. Qa8+ Qc8 24. Qxc8+ Rxc8 25. Rb2 Rc6 26. Kf1 Nf6 27. Ke2 Kf8 28. h4 Ke7 29. Bd2 Nd5 30. Kd3 h5 31. a4 Rc7 32. a5 bxa5 33. Bxa5 Ra7 34. Bb4+ Kf6 35. Bc5 Ra1 36. Rc2 Ra4 37. Ke4 Ra1 38. Kf3 Rb1 39. Bd6 Rb3+ 40. Kg2 Rd3 41. Bc5 Rd1 42. Kf3 Rd3+ 43. Kg2 1/2-1/2

[Event "Muensterland Verbandsklasse 1314"]
[Site "Germany"]
[Date "2014.02.08"]
[Round "6.1"]
[White "Sandmann, Matthias"]
[Black "Schroer, Klaus"]
[Result "0-1"]
[WhiteElo "1717"]
[BlackElo "1992"]
[PlyCount "118"]
[EventDate "2013.09.21"]
[EventType "team-tourn"]
[EventRounds "9"]
[EventCountry "GER"]
[SourceTitle "EXT 2015"]
[Source "ChessBase"]
[SourceDate "2014.11.20"]
[SourceVersion "1"]
[SourceVersionDate "2014.11.20"]
[SourceQuality "1"]
[WhiteTeam "Nordwalde"]
[BlackTeam "Borken"]
[WhiteTeamCountry "GER"]
[BlackTeamCountry "GER"]

1. Nf3 Nf6 2. d4 e6 3. Bg5 Be7 4. e3 b6 5. Nbd2 Bb7 6. Be2 d5 7. Rc1 Nbd7 8. a3 0-0 9. c4 a5 10. 0-0 c5 11. cxd5 exd5 12. Bb5 Ba6 13. Qa4 Bxb5 14. Qxb5 Ne4 15. Bxe7 Qxe7 16. Nxe4 dxe4 17. Nd2 Rfe8 18. dxc5 bxc5 19. Rfd1 Rab8 20. Qxa5 Rxb2 21. Nxe4 Qxe4 22. Rxd7 Rxf2 23. Kxf2 Qxe3+ 24. Kf1 Qxc1+ 25. Kf2 Qf4+ 26. Kg1 Qe3+ 27. Kf1 Qf4+ 28. Kg1 Qh4 29. Rd1 h6 30. h3 c4 31. Qc5 Qe4 32. Qd4 Qc2 33. Rd2 Qc1+ 34. Rd1 Re1+ 35. Rxe1 Qxe1+ 36. Kh2 c3 37. Qd8+ Kh7 38. Qd5 Qf1 39. a4 g6 40. Qb3 Qf4+ 41. Kh1 Qc1+ 42. Kh2 Kg7 43. Qc4 Qd2 44. Qe4 c2 45. Qe5+ Kh7 46. Qc7 Kg7 47. Qe5+ Kf8 48. Qb8+ Ke7 49. Qe5+ Kd7 50. Qb5+ Ke6 51. Qb3+ Ke5 52. Qb5+ Ke4 53. Qc4+ Ke3 54. Qc5+ Ke2 55. Qc4+ Qd3 56. Qg4+ Kd2 57. Qb4+ Kc1 58. Qf4+ Kb2 59. Qf2 Qd6+ 0-1

[Event "Muensterland Verbandsklasse 1314"]
[Site "Germany"]
[Date "2013.12.21"]
[Round "4.1"]
[White "Sandmann, Matthias"]
[Black "Mantwill, Reiner"]
[Result "1-0"]
[WhiteElo "1717"]
[BlackElo "1830"]
[PlyCount "65"]
[EventDate "2013.09.21"]
[EventType "team-tourn"]
[EventRounds "9"]
[EventCountry "GER"]
[SourceTitle "EXT 2015"]
[Source "ChessBase"]
[SourceDate "2014.11.20"]
[SourceVersion "1"]
[SourceVersionDate "2014.11.20"]
[SourceQuality "1"]
[WhiteTeam "Nordwalde"]
[BlackTeam "Gescher"]
[WhiteTeamCountry "GER"]
[BlackTeamCountry "GER"]

1. d4 Nf6 2. Nf3 e6 3. Bg5 Be7 4. e3 0-0 5. Bd3 d5 6. Nbd2 b6 7. 0-0 Bb7 8. c3 Nbd7 9. Qc2 h6 10. Bh4 c5 11. dxc5 Nxc5 12. Nb3 Nxd3 13. Qxd3 a5 14. Rfe1 Ne4 15. Bxe7 Qxe7 16. Rad1 a4 17. Nbd2 a3 18. b3 Qf6 19. c4 Nc3 20. Ra1 dxc4 21. bxc4 Rfd8 22. Nd4 e5 23. Qxc3 exd4 24. exd4 Qxd4 25. Re8+ Kh7 26. Qc2+ g6 27. Nb3 Qg4 28. f3 Qf4 29. Re7 Ba6 30. c5 Rac8 31. c6 Bc4 32. Rae1 Be6 33. R1xe6 1-0

[Event "Steinfurt Bezirksliga 1213"]
[Site "Germany"]
[Date "2013.03.02"]
[Round "7.6"]
[White "Zilske, Jan Niklas"]
[Black "Sandmann, Matthias"]
[Result "0-1"]
[WhiteElo "968"]
[BlackElo "1461"]
[PlyCount "52"]
[EventDate "2012.09.22"]
[EventType "team-tourn"]
[EventRounds "9"]
[EventCountry "GER"]
[SourceTitle "EXT 2015"]
[Source "ChessBase"]
[SourceDate "2014.11.20"]
[SourceVersion "1"]
[SourceVersionDate "2014.11.20"]
[SourceQuality "1"]
[WhiteTeam "Reckenfeld II"]
[BlackTeam "Nordwalde"]
[WhiteTeamCountry "GER"]
[BlackTeamCountry "GER"]

1. e4 e6 2. Nf3 b6 3. Nc3 Bb7 4. g3 Nf6 5. d3 d5 6. Bg2 dxe4 7. Ng5 Bb4 8. 0-0 Bxc3 9. bxc3 Nbd7 10. Nxe4 Nxe4 11. dxe4 Nf6 12. e5 Bxg2 13. Kxg2 Qxd1 14. Rxd1 Ne4 15. c4 Ke7 16. f3 Nc3 17. Rd3 Ne2 18. Bg5+ f6 19. exf6+ gxf6 20. Bd2 Rad8 21. Re1 Nd4 22. Rde3 e5 23. Rc3 Nxf3 24. Rxf3 Rxd2+ 25. Rf2 Rhd8 26. Kh3 Rxf2 0-1

[Event "Steinfurt Bezirksliga 1213"]
[Site "Germany"]
[Date "2013.02.02"]
[Round "6.4"]
[White "Sandmann, Matthias"]
[Black "Radisic, Sascha"]
[Result "1/2-1/2"]
[WhiteElo "1461"]
[BlackElo "1666"]
[PlyCount "44"]
[EventDate "2012.09.22"]
[EventType "team-tourn"]
[EventRounds "9"]
[EventCountry "GER"]
[SourceTitle "EXT 2015"]
[Source "ChessBase"]
[SourceDate "2014.11.20"]
[SourceVersion "1"]
[SourceVersionDate "2014.11.20"]
[SourceQuality "1"]
[WhiteTeam "Nordwalde"]
[BlackTeam "Steinfurt II"]
[WhiteTeamCountry "GER"]
[BlackTeamCountry "GER"]

1. d4 Nf6 2. Nf3 g6 3. b3 Bg7 4. Bb2 0-0 5. Nbd2 b6 6. c4 c5 7. d5 e6 8. e4 d6 9. Be2 e5 10. 0-0 Nh5 11. Re1 Nf4 12. Qc2 f5 13. Bd3 Nxd3 14. Qxd3 f4 15. Bc3 g5 16. h3 a5 17. a3 Na6 18. Rab1 Rf7 19. b4 axb4 20. axb4 Rfa7 21. bxc5 bxc5 22. Rb3 Bf6 1/2-1/2

[Event "Steinfurt Bezirksliga 1213"]
[Site "Germany"]
[Date "2013.01.12"]
[Round "5.5"]
[White "Sandmann, Matthias"]
[Black "Rogowski, Friedrich"]
[Result "1-0"]
[WhiteElo "1461"]
[BlackElo "1624"]
[PlyCount "87"]
[EventDate "2012.09.22"]
[EventType "team-tourn"]
[EventRounds "9"]
[EventCountry "GER"]
[SourceTitle "EXT 2015"]
[Source "ChessBase"]
[SourceDate "2014.11.20"]
[SourceVersion "1"]
[SourceVersionDate "2014.11.20"]
[SourceQuality "1"]
[WhiteTeam "Nordwalde"]
[BlackTeam "Saerbeck II"]
[WhiteTeamCountry "GER"]
[BlackTeamCountry "GER"]

1. d4 g6 2. Nf3 Bg7 3. Bf4 c5 4. c3 cxd4 5. cxd4 d6 6. e3 Nf6 7. Nbd2 0-0 8. Bd3 Nc6 9. a3 e5 10. Bg3 exd4 11. Nxd4 Nxd4 12. exd4 Re8+ 13. Be2 Qe7 14. Nc4 Ne4 15. Bf4 b5 16. Ne3 a6 17. 0-0 g5 18. Bg3 Nxg3 19. hxg3 Be6 20. d5 Bd7 21. Qd2 Qe5 22. b4 Qb2 23. Qxb2 Bxb2 24. Ra2 Bd4 25. Bg4 Bxg4 26. Nxg4 Rac8 27. Nh6+ Kf8 28. Nf5 Be5 29. f4 gxf4 30. gxf4 Bf6 31. Nxd6 Rcd8 32. Nxe8 Kxe8 33. Rd2 Kd7 34. Kf2 Rc8 35. Rd3 Rc2+ 36. Kf3 Rc4 37. g4 Be7 38. Re1 Bd6 39. Re4 Rc1 40. f5 f6 41. Re6 Rf1+ 42. Ke3 Re1+ 43. Kf2 Rxe6 44. fxe6+ 1-0

[Event "Muensterland Verbandsklasse-B 1112"]
[Site "Germany"]
[Date "2011.10.08"]
[Round "2.4"]
[White "Raue, Thorsten"]
[Black "Sandmann, Matthias"]
[Result "1/2-1/2"]
[WhiteElo "1843"]
[BlackElo "1547"]
[PlyCount "63"]
[EventDate "2011.09.17"]
[EventType "team-tourn"]
[EventRounds "9"]
[EventCountry "GER"]
[SourceTitle "EXT 2013"]
[Source "ChessBase"]
[SourceDate "2012.11.22"]
[SourceVersion "1"]
[SourceVersionDate "2012.11.22"]
[SourceQuality "1"]
[WhiteTeam "Steinfurt"]
[BlackTeam "Nordwalde"]
[WhiteTeamCountry "GER"]
[BlackTeamCountry "GER"]

1. b4 d5 2. Bb2 Nf6 3. e3 Bf5 4. Nf3 e6 5. b5 Nbd7 6. Be2 Bd6 7. 0-0 c6 8. a4 Qc7 9. c4 Ne5 10. Nxe5 Bxe5 11. Bxe5 Qxe5 12. d4 Qd6 13. Nd2 0-0 14. Qb3 Rfc8 15. Rfc1 a6 16. a5 c5 17. cxd5 Nxd5 18. Bf3 Bg6 19. Bxd5 exd5 20. Qa3 b6 21. Nb3 Qd7 22. dxc5 Qxb5 23. Nd4 Qxa5 24. Qxa5 bxa5 25. Rxa5 Bd3 26. c6 Rc7 27. Rxd5 a5 28. Nb3 a4 29. Nd2 Be2 30. Rd7 Rxd7 31. cxd7 Bg4 32. f3 1/2-1/2

[Event "Muensterland Verbandsklasse-B 1011"]
[Site "Germany"]
[Date "2011.01.29"]
[Round "6.7"]
[White "Stephan, Matthias"]
[Black "Sandmann, Matthias"]
[Result "1-0"]
[WhiteElo "1692"]
[BlackElo "1542"]
[PlyCount "47"]
[EventDate "2010.09.18"]
[EventType "team-tourn"]
[EventRounds "9"]
[EventCountry "GER"]
[SourceTitle "EXT 2012"]
[Source "ChessBase"]
[SourceDate "2011.11.24"]
[SourceVersion "1"]
[SourceVersionDate "2011.11.24"]
[SourceQuality "1"]
[WhiteTeam "Telgte"]
[BlackTeam "Nordwalde"]
[WhiteTeamCountry "GER"]
[BlackTeamCountry "GER"]

1. d4 e6 2. c4 Nf6 3. Bg5 Be7 4. Nf3 d5 5. e3 0-0 6. Bd3 dxc4 7. Bxc4 c5 8. 0-0 Nc6 9. dxc5 Ne4 10. Bf4 Nxc5 11. Nc3 Bf6 12. Rc1 Qb6 13. Qe2 Bd7 14. a3 a5 15. Nb5 Rfc8 16. Rfd1 Ne7 17. Rd6 Bc6 18. Rcd1 Nf5 19. R6d2 Bh4 20. Nxh4 Nxh4 21. Bc7 Rxc7 22. Rd8+ Be8 23. Rxa8 Re7 24. Rd6 1-0

[Event "Muensterland Verbandsklasse-B 1011"]
[Site "Germany"]
[Date "2011.01.08"]
[Round "5.7"]
[White "Miemietz, Carsten"]
[Black "Sandmann, Matthias"]
[Result "1-0"]
[WhiteElo "1744"]
[BlackElo "1542"]
[PlyCount "101"]
[EventDate "2010.09.18"]
[EventType "team-tourn"]
[EventRounds "9"]
[EventCountry "GER"]
[SourceTitle "EXT 2012"]
[Source "ChessBase"]
[SourceDate "2011.11.24"]
[SourceVersion "1"]
[SourceVersionDate "2011.11.24"]
[SourceQuality "1"]
[WhiteTeam "Muenster SK IV"]
[BlackTeam "Nordwalde"]
[WhiteTeamCountry "GER"]
[BlackTeamCountry "GER"]

1. c4 e6 2. d4 c5 3. Nf3 cxd4 4. Nxd4 Nc6 5. Nc3 Bb4 6. Nb3 Bxc3+ 7. bxc3 Nge7 8. e4 d5 9. exd5 exd5 10. Ba3 Be6 11. c5 0-0 12. Be2 Re8 13. 0-0 Qc7 14. Qd2 Ng6 15. f4 Bf5 16. Bb5 Be4 17. f5 Nh4 18. f6 Qe5 19. Rf2 Bxg2 20. Qf4 Nf3+ 21. Rxf3 Bxf3 22. Qxf3 Qxf6 23. Qxf6 gxf6 24. Bxc6 bxc6 25. Kf2 Re4 26. Nd4 Rc8 27. Bc1 Kf8 28. Bh6+ Ke7 29. Nf5+ Kd7 30. Nd6 Rh4 31. Nxc8 Kxc8 32. Be3 Rxh2+ 33. Kg3 Re2 34. Bd4 Kd7 35. Rb1 Rxa2 36. Rb7+ Ke6 37. Rc7 Ra6 38. Kg4 h6 39. Kh5 f5 40. Kxh6 f4 41. Kg5 f3 42. Kg4 Ra2 43. Rxc6+ Ke7 44. Kxf3 a5 45. Kf4 a4 46. Ke5 Re2+ 47. Kxd5 a3 48. Rc7+ Ke8 49. Ra7 a2 50. c6 f5 51. Ra8+ 1-0

[Event "Muensterland Verbandsklasse-B 1011"]
[Site "Germany"]
[Date "2010.09.18"]
[Round "1.6"]
[White "Sandmann, Matthias"]
[Black "Messelink, Gerrit"]
[Result "1-0"]
[WhiteElo "1542"]
[BlackElo "1425"]
[PlyCount "103"]
[EventDate "2010.09.18"]
[EventType "team-tourn"]
[EventRounds "9"]
[EventCountry "GER"]
[SourceTitle "EXT 2012"]
[Source "ChessBase"]
[SourceDate "2011.11.24"]
[SourceVersion "1"]
[SourceVersionDate "2011.11.24"]
[SourceQuality "1"]
[WhiteTeam "Nordwalde"]
[BlackTeam "Ahaus Wessum"]
[WhiteTeamCountry "GER"]
[BlackTeamCountry "GER"]

1. e4 d6 2. Nf3 Nf6 3. Nc3 c6 4. d4 b5 5. Bd3 g6 6. Bf4 Bg7 7. a4 b4 8. Ne2 a5 9. c3 Na6 10. Rc1 Qb6 11. 0-0 0-0 12. Ng3 Nc7 13. Nd2 Ne6 14. Nc4 Qc7 15. Be3 Bb7 16. Qb3 Ng4 17. Be2 Nxe3 18. Nxe3 c5 19. d5 Nf4 20. c4 Rae8 21. Qc2 e6 22. b3 Bd4 23. Qd2 Bc3 24. Qc2 h5 25. Bf3 Qe7 26. Ne2 Be5 27. Nxf4 Bxf4 28. Qe2 Qg5 29. Rce1 exd5 30. cxd5 Re5 31. Nc4 Ba6 32. Rd1 f5 33. Qd3 fxe4 34. Bxe4 Kg7 35. g3 h4 36. Bg2 hxg3 37. hxg3 Bxc4 38. bxc4 Re3 39. Qc2 Rxg3 40. fxg3 Qxg3 41. Rxf4 Rxf4 42. Qe2 Kh6 43. Rd3 Qg4 44. Qe7 Rxc4 45. Rh3+ Qxh3 46. Bxh3 Rc3 47. Qf6 Kh5 48. Bf1 c4 49. Qxd6 Rc2 50. Qe5+ g5 51. Be2+ Kh6 52. Qf6+ 1-0

[Event "Muensterland Verbandsklasse-B 0910"]
[Site "Germany"]
[Date "2010.03.20"]
[Round "8.8"]
[White "Hofene, Josef"]
[Black "Sandmann, Matthias"]
[Result "1/2-1/2"]
[WhiteElo "1650"]
[BlackElo "1432"]
[PlyCount "49"]
[EventDate "2009.09.19"]
[EventType "team-tourn"]
[EventRounds "9"]
[EventCountry "GER"]
[SourceTitle "EXT 2011"]
[Source "ChessBase"]
[SourceDate "2010.11.26"]
[SourceVersion "1"]
[SourceVersionDate "2010.11.26"]
[SourceQuality "1"]
[WhiteTeam "Beelen"]
[BlackTeam "Nordwalde"]
[WhiteTeamCountry "GER"]
[BlackTeamCountry "GER"]

1. e4 e6 2. d4 d5 3. Nd2 c5 4. c3 Nc6 5. Bb5 Qb6 6. exd5 Qxb5 7. dxc6 cxd4 8. cxd4 Qxc6 9. Ngf3 Nf6 10. 0-0 Bd6 11. Ne5 Qd5 12. Ndc4 b5 13. Nxd6+ Qxd6 14. Bf4 Bb7 15. Rc1 Rd8 16. Qe2 Qd5 17. Nf3 a6 18. Rc7 0-0 19. Rfc1 Qe4 20. Be3 Bd5 21. b3 Nh5 22. Ne1 Nf4 23. Qg4 Nd3 24. Qxe4 Bxe4 25. Nxd3 1/2-1/2

[Event "Steinfurt Bezirksliga 0809"]
[Site "Germany"]
[Date "2009.01.17"]
[Round "5.4"]
[White "Sandmann, Matthias"]
[Black "Sowa, Rudolf"]
[Result "1/2-1/2"]
[WhiteElo "1422"]
[BlackElo "1616"]
[PlyCount "65"]
[EventDate "2008.09.27"]
[EventType "team-tourn"]
[EventRounds "9"]
[EventCountry "GER"]
[SourceTitle "EXT 2010"]
[Source "ChessBase"]
[SourceDate "2010.11.25"]
[SourceVersion "1"]
[SourceVersionDate "2010.11.25"]
[SourceQuality "1"]
[WhiteTeam "Nordwalde II"]
[BlackTeam "Emsdetten Rochade III"]
[WhiteTeamCountry "GER"]
[BlackTeamCountry "GER"]

1. e4 e5 2. Nf3 d6 3. Bc4 Be7 4. Nc3 Nf6 5. d3 0-0 6. Be3 Bg4 7. Qd2 Nc6 8. 0-0-0 Na5 9. h3 Bd7 10. Bg5 a6 11. Nh4 b5 12. Ne2 c6 13. Bb3 Nxb3+ 14. cxb3 c5 15. Kb1 a5 16. f3 a4 17. b4 Be6 18. Nf5 Bxf5 19. exf5 Nd5 20. Bxe7 Qxe7 21. bxc5 dxc5 22. Nc3 Qd7 23. Rhe1 f6 24. Nxd5 Qxd5 25. Qc3 Rfc8 26. Re4 g6 27. f4 exf4 28. Rxf4 Kf7 29. h4 Re8 30. Rf2 c4 31. Rfd2 cxd3 32. Qxd3 Qxd3+ 33. Rxd3 1/2-1/2

[Event "Muensterland Verbandsklasse-B 0809"]
[Site "Germany"]
[Date "2008.10.11"]
[Round "2.8"]
[White "Sandmann, Matthias"]
[Black "Glotzbach, Thomas"]
[Result "0-1"]
[WhiteElo "1503"]
[BlackElo "1788"]
[PlyCount "56"]
[EventDate "2008.09.13"]
[EventType "team-tourn"]
[EventRounds "9"]
[EventCountry "GER"]
[SourceTitle "EXT 2010"]
[Source "ChessBase"]
[SourceDate "2010.11.25"]
[SourceVersion "1"]
[SourceVersionDate "2010.11.25"]
[SourceQuality "1"]
[WhiteTeam "Nordwalde"]
[BlackTeam "Muenster Indische Dame"]
[WhiteTeamCountry "GER"]
[BlackTeamCountry "GER"]

1. e4 Nc6 2. Nf3 d5 3. exd5 Qxd5 4. Nc3 Qd8 5. Bb5 Bd7 6. d3 e6 7. Bf4 a6 8. Ba4 Nf6 9. Ne4 Be7 10. c3 Nd5 11. Bg3 f5 12. Ned2 f4 13. c4 Ndb4 14. Bxc6 Nxd3+ 15. Ke2 Bxc6 16. Qc2 fxg3 17. Qxd3 Qxd3+ 18. Kxd3 gxf2 19. Rhf1 0-0-0+ 20. Kc3 Bf6+ 21. Kc2 e5 22. g4 h6 23. h4 e4 24. g5 hxg5 25. hxg5 Be7 26. Ne5 e3 27. Ndf3 Be4+ 28. Kc3 Rh3 0-1